[Event "Titled Tuesday intern op 23rd Apr Late"]
[Site "Chess.com INT"]
[Date "2024.04.23"]
[Round "4"]
[White "Karamsetty, Jeevan"]
[Black "Meduri, Aakaash"]
[Result "1-0"]
[WhiteElo "2222"]
[BlackElo "1962"]
[PlyCount "99"]
[EventDate "2024.04.23"]
[EventType "swiss (blitz)"]
[EventRounds "11"]
[EventCountry "USA"]
[SourceTitle "CB18_2024"]
[SourceDate "2024.05.01"]
[SourceVersion "1"]
[SourceVersionDate "2024.05.01"]
[SourceQuality "2"]

1. e4 d6 2. d4 Nf6 3. Nc3 e5 4. Nf3 Nbd7 5. Rg1 exd4 6. Qxd4 g6 7. Bg5 Bg7 8. 0-0-0 0-0 9. Qd2 a6 10. h4 b5 11. h5 b4 12. Nd5 Nxe4 13. Bxd8 Nxd2 14. Nxd2 Rxd8 15. hxg6 hxg6 16. Nxc7 Ra7 17. Nd5 Ne5 18. f4 Ng4 19. Be2 a5 20. Rde1 Be6 21. Bf3 Rc8 22. Rxe6 fxe6 23. Bxg4 Re8 24. Re1 e5 25. Nc4 Rd8 26. Be6+ Kf8 27. b3 a4 28. fxe5 Bxe5 29. Nxe5 dxe5 30. Rxe5 axb3 31. axb3 Ra1+ 32. Kd2 Rg1 33. Bh3 Rf1 34. Ke2 Rc1 35. Ne3 Kg7 36. Re4 Kf6 37. Rxb4 Re8 38. Kd2 Ra1 39. Rb6+ Kg5 40. Nc4 Rd8+ 41. Kc3 Kh5 42. Ne5 g5 43. Ng4 Kh4 44. Rb5 Ra2 45. Rc5 Kg3 46. Rxg5 Rc8+ 47. Kd3 Raxc2 48. Ne3+ Kf4 49. Rg4+ Ke5 50. Re4+ 1-0

[Event "Titled Tuesday intern op 16th Apr Late"]
[Site "Chess.com INT"]
[Date "2024.04.16"]
[Round "4"]
[White "Zou, Chen"]
[Black "Karamsetty, Jeevan"]
[Result "1-0"]
[WhiteElo "2449"]
[BlackElo "2222"]
[PlyCount "113"]
[EventDate "2024.04.16"]
[EventType "swiss (blitz)"]
[EventRounds "11"]
[EventCountry "USA"]
[SourceTitle "CB17_2024"]
[SourceDate "2024.04.24"]
[SourceVersion "1"]
[SourceVersionDate "2024.04.24"]
[SourceQuality "1"]

1. e4 d6 2. d4 Nf6 3. Nc3 e5 4. Nf3 Nbd7 5. Bc4 Be7 6. 0-0 0-0 7. a4 c6 8. h3 h6 9. Re1 Re8 10. Ba2 Bf8 11. Be3 b6 12. d5 Bb7 13. Qd2 Qc7 14. Qd3 cxd5 15. Nxd5 Bxd5 16. Bxd5 Nxd5 17. Qxd5 Rac8 18. c3 Nf6 19. Qd3 Qc4 20. Qxc4 Rxc4 21. Nd2 Rc6 22. c4 Rec8 23. a5 Nd7 24. axb6 axb6 25. Ra7 Nc5 26. Rea1 Rb8 27. Ra8 Rcc8 28. Rxb8 Rxb8 29. b4 Ne6 30. b5 Nc5 31. f3 g6 32. Kf1 f5 33. Ke2 Kf7 34. Ra7+ Kf6 35. g4 fxe4 36. Nxe4+ Ke6 37. Bxc5 bxc5 38. Nc3 Be7 39. Nd5 Bd8 40. Nc3 h5 41. Kd3 hxg4 42. hxg4 Bb6 43. Ra6 Bd8 44. Ne4 Bb6 45. Nc3 Bd8 46. Ra1 Rb7 47. Ra8 Bb6 48. Nd5 Bc7 49. Rh8 Ba5 50. Rf8 Kd7 51. Rf6 Bd8 52. Rxg6 Kc8 53. Rxd6 Rh7 54. Rc6+ Kd7 55. Ra6 Rh3 56. Ke4 Bc7 57. Ra7 1-0

[Event "Titled Tuesday intern op 12th Mar Late"]
[Site "Chess.com INT"]
[Date "2024.03.12"]
[Round "6"]
[White "Karamsetty, Jeevan"]
[Black "Ashraf, Artin"]
[Result "0-1"]
[WhiteElo "2187"]
[BlackElo "2399"]
[PlyCount "176"]
[EventDate "2024.03.12"]
[EventType "swiss (blitz)"]
[EventRounds "11"]
[EventCountry "USA"]
[SourceTitle "CB12_2024"]
[SourceDate "2023.10.01"]
[SourceVersion "1"]
[SourceVersionDate "2023.10.01"]
[SourceQuality "1"]

1. e4 e5 2. Nf3 Nc6 3. Bc4 Nf6 4. d3 Bc5 5. 0-0 d6 6. h3 h6 7. c3 0-0 8. a4 a6 9. b4 Ba7 10. Nbd2 Ne7 11. Re1 Be6 12. Qb3 Qd7 13. Bxe6 fxe6 14. d4 exd4 15. Nxd4 Rf7 16. Nxe6 Ng4 17. hxg4 Bxf2+ 18. Kf1 Bxe1+ 19. Kxe1 d5 20. Nd4 Qxg4 21. N2f3 Qxg2 22. Ra2 Qh1+ 23. Kd2 Rxf3 24. Nxf3 Qxf3 25. exd5 Qxd5+ 26. Qxd5+ Nxd5 27. Kd3 Rd8 28. Kc4 g5 29. Rh2 Kg7 30. a5 Kg6 31. Kc5 Nxc3 32. Bb2 Na4+ 33. Kc4 Nxb2+ 34. Rxb2 g4 35. b5 axb5+ 36. Rxb5 g3 37. Rb3 h5 38. Rxg3+ Kf5 39. Rg7 Rc8 40. Kd3 h4 41. Ke2 Ke4 42. Rg4+ Kd5 43. Rxh4 Kc5 44. Kd3 Kb5 45. Rh5+ Kb4 46. Rh4+ Kxa5 47. Kc4 Kb6 48. Rh6+ Ka7 49. Kb5 Kb8 50. Rh7 Rd8 51. Rh5 Rd6 52. Rh7 Rd5+ 53. Kc4 c6 54. Rg7 Ka7 55. Rf7 Kb6 56. Rf2 Rb5 57. Ra2 Ra5 58. Rb2+ Kc7 59. Kd4 Ra4+ 60. Kc3 b5 61. Rg2 Kb6 62. Kb3 Rf4 63. Rg8 Rf3+ 64. Kb2 Kc5 65. Rg4 Rd3 66. Rf4 Rd4 67. Rf6 Rd6 68. Rf4 b4 69. Kb3 Rd3+ 70. Kc2 Rc3+ 71. Kb2 Kb5 72. Rf5+ c5 73. Rf8 Rg3 74. Rb8+ Kc4 75. Rf8 Rg2+ 76. Kb1 Rd2 77. Rf3 Rd3 78. Rf4+ Kb3 79. Rf1 c4 80. Ka1 c3 81. Rb1+ Kc4 82. Rh1 b3 83. Rh4+ Rd4 84. Rh1 Kb4 85. Rg1 Ka3 86. Kb1 c2+ 87. Kc1 Rd1+ 88. Rxd1 cxd1Q+ 0-1

[Event "Cambridge op 2nd"]
[Site "Cambridge"]
[Date "2024.02.21"]
[Round "4"]
[White "Karamsetty, Jeevan"]
[Black "Haubro, Martin"]
[Result "0-1"]
[WhiteElo "2188"]
[BlackElo "2421"]
[PlyCount "96"]
[EventDate "2024.02.19"]
[EventType "swiss"]
[EventRounds "9"]
[EventCountry "ENG"]
[SourceTitle "CB09_2024"]
[SourceDate "2024.02.28"]
[SourceVersion "1"]
[SourceVersionDate "2024.02.28"]
[SourceQuality "1"]

1. e4 c5 2. Nf3 d6 3. Bc4 Nf6 4. d3 e6 5. Bb3 Nc6 6. c3 Be7 7. 0-0 d5 8. e5 Nd7 9. d4 b5 10. dxc5 Bxc5 11. Bf4 Qb6 12. Bc2 b4 13. a3 b3 14. Bd3 h6 15. Bg3 g5 16. a4 a6 17. h3 h5 18. Nxg5 h4 19. Qf3 Rf8 20. Bxh4 Ncxe5 21. Qe2 Be7 22. a5 Qa7 23. Nd2 Rh8 24. Ndf3 Nxd3 25. Nxe6 fxe6 26. Qxe6 Nf6 27. Qe2 Nf4 28. Qd2 Rxh4 29. Nxh4 Qc7 30. Rfe1 Be6 31. Rxe6 Nxe6 32. Re1 Qf4 33. Qe2 Qe4 34. Qd1 Qxh4 35. Rxe6 Kf7 36. Re3 Bc5 37. Rf3 Qc4 38. Qb1 Qe4 39. Qd1 Rg8 40. Kh1 Bd6 41. c4 Re8 42. Re3 Qf4 43. g3 Qxf2 44. Rxe8 Kxe8 45. Qxb3 Qf1+ 46. Kh2 Qxc4 47. Qf3 Qc2+ 48. Kh1 Qc1+ 0-1

[Event "Cambridge op 2nd"]
[Site "Cambridge"]
[Date "2024.02.19"]
[Round "1"]
[White "Sonis, Francesco"]
[Black "Karamsetty, Jeevan"]
[Result "1/2-1/2"]
[WhiteElo "2570"]
[BlackElo "2188"]
[PlyCount "56"]
[EventDate "2024.02.19"]
[EventType "swiss"]
[EventRounds "9"]
[EventCountry "ENG"]
[SourceTitle "CB09_2024"]
[SourceDate "2024.02.28"]
[SourceVersion "1"]
[SourceVersionDate "2024.02.28"]
[SourceQuality "1"]

1. d4 d6 2. Nf3 g6 3. g3 Bg7 4. Bg2 Nf6 5. c4 0-0 6. Nc3 c6 7. 0-0 Bf5 8. Ng5 e5 9. d5 a5 10. dxc6 bxc6 11. b3 e4 12. Ba3 Re8 13. Qxd6 Nfd7 14. Nxf7 Kxf7 15. Qd2 Nc5 16. Qc1 Nba6 17. Rd1 Qe7 18. Bb2 Kg8 19. Re1 Rad8 20. Nd1 Bxb2 21. Qxb2 Qg7 22. Qc1 Rd6 23. Ne3 Red8 24. Qa3 Qc7 25. Qb2 Qg7 26. Qa3 Qc7 27. Qb2 Qg7 28. Qa3 Qc7 1/2-1/2

[Event "Pozarevac Rudar IM 02"]
[Site "Pozarevac"]
[Date "2024.02.08"]
[Round "1"]
[White "Karamsetty, Jeevan"]
[Black "Ilincic, Zlatko"]
[Result "1-0"]
[WhiteElo "2188"]
[BlackElo "2294"]
[PlyCount "47"]
[EventDate "2024.02.08"]
[EventType "tourn"]
[EventRounds "9"]
[EventCountry "SRB"]
[SourceTitle "CB08_2024"]
[SourceDate "2024.02.21"]
[SourceVersion "1"]
[SourceVersionDate "2024.02.21"]
[SourceQuality "1"]

1. e4 e5 2. Nf3 Nc6 3. Nc3 Nf6 4. a4 Bc5 5. Nxe5 Nxe5 6. d4 Bd6 7. dxe5 Bxe5 8. Bd3 d6 9. h3 0-0 10. 0-0 Re8 11. Re1 Bd7 12. Ne2 d5 13. exd5 Nxd5 14. Bxh7+ Kxh7 15. Qxd5 Bf5 16. Qxf7 Bxc2 17. Qh5+ Kg8 18. Be3 g6 19. Qg4 Qd5 20. Nd4 Bd3 21. Qd1 Ba6 22. Qc2 Bxd4 23. Rad1 Re4 24. Rxd4 1-0

[Event "Titled Tuesday intern op 06th Feb Early"]
[Site "Chess.com INT"]
[Date "2024.02.06"]
[Round "3"]
[White "Karamsetty, Jeevan"]
[Black "Corrales Jimenez, Fidel"]
[Result "0-1"]
[WhiteElo "2188"]
[BlackElo "2531"]
[PlyCount "134"]
[EventDate "2024.02.06"]
[EventType "swiss (blitz)"]
[EventRounds "11"]
[EventCountry "USA"]
[SourceTitle "CB07_2024"]
[SourceDate "2024.02.14"]
[SourceVersion "1"]
[SourceVersionDate "2024.02.14"]
[SourceQuality "1"]

1. e4 c5 2. Nc3 d6 3. f4 a6 4. Nf3 Nc6 5. d3 g6 6. Be3 Bg7 7. Qd2 Bg4 8. Be2 Qd7 9. 0-0 Nd4 10. Bxd4 cxd4 11. Nd1 Rc8 12. Nf2 Bxf3 13. Bxf3 e6 14. Rac1 Ne7 15. g4 e5 16. f5 h5 17. gxh5 Bh6 18. Qe2 Bxc1 19. Rxc1 gxf5 20. exf5 Qxf5 21. Kh1 Qf4 22. Rg1 Qe3 23. c4 Qxe2 24. Bxe2 b5 25. Ne4 Rd8 26. b3 Kf8 27. Nf6 Nf5 28. Nd5 bxc4 29. bxc4 Rh6 30. a4 a5 31. Rb1 Ne7 32. Nb6 d5 33. c5 Rc6 34. Rb5 e4 35. Rxa5 Nf5 36. Ra7 Ng7 37. h6 Rxh6 38. a5 Rc6 39. a6 Ne6 40. Rb7 Nxc5 41. Nd7+ Rxd7 42. a7 Ra6 43. Rb8+ Kg7 44. a8Q Rxa8 45. Rxa8 exd3 46. Bg4 Rb7 47. Ra4 Nb3 48. Kg2 d2 49. Bd1 Kf6 50. Kf2 Ke5 51. Ke2 f5 52. Ra8 Nc5 53. Kxd2 Kf4 54. Ra5 Rb2+ 55. Ke1 Nd3+ 56. Kf1 Rf2+ 57. Kg1 Rd2 58. Bh5 Ke4 59. Ra8 Ne5 60. Ra3 d3 61. h4 d4 62. Kf1 Rc2 63. Ra5 Nc4 64. Ra7 Ne3+ 65. Ke1 Kf4 66. Bd1 Rh2 67. Bb3 d2# 0-1

[Event "Budapest SixDays 01 GM-A"]
[Site "Budapest"]
[Date "2024.02.01"]
[Round "9"]
[White "Pribelszky, Bence"]
[Black "Karamsetty, Jeevan"]
[Result "0-1"]
[WhiteElo "2371"]
[BlackElo "2211"]
[PlyCount "56"]
[EventDate "2024.01.27"]
[EventType "tourn"]
[EventRounds "9"]
[EventCountry "HUN"]
[EventCategory "7"]
[SourceTitle "CB06_2024"]
[SourceDate "2024.02.07"]
[SourceVersion "1"]
[SourceVersionDate "2024.02.07"]
[SourceQuality "1"]

1. e4 e5 2. Nf3 d6 3. d4 exd4 4. Nxd4 Nf6 5. Nc3 Be7 6. Bf4 0-0 7. Qd2 Nc6 8. 0-0-0 Nxd4 9. Qxd4 Be6 10. f3 a6 11. Kb1 b5 12. Qd2 c5 13. Bxd6 Bxd6 14. Qxd6 Qa5 15. Be2 Rac8 16. Qf4 Rfe8 17. Rhe1 b4 18. Nd5 Bxd5 19. exd5 Nxd5 20. Rxd5 b3 21. Rdd1 Qxa2+ 22. Kc1 Rxe2 23. Rxe2 Qa1+ 24. Kd2 Rd8+ 25. Kc3 Qxd1 26. Qe5 Qd7 27. Re1 Qb5 28. Re4 bxc2 0-1